00183 a2200073 4500100001500000245005200015250000800067260003400075 aB K Sharma aInstrumental Methods of Chemical Analysis Vol 2 a5th bKrishna Prakashan Mediac2025